00589 a2200157 4500010001400000020002300014035001300037037001500050082001100065100001400076245016500090260003300255270006400288300002800352500005100380 aENG-88392 a8178241463c650.00 aEN-71925 bDBAD / PUB14a507.221 aKapil Raj1 aRelocating modern science:cby Kapil Rajbcirculation and the construction of scientific knowledge in South Asia and Europe seventeenth to nineteenth centuries/ aDelhibPermanent Blackc2006 aD-28, Oxford Apartments, 11, I.P.Extension,bDelhie110 092 axiii, 285 p.c23cm (Hb) aIncludes bibliographical references and index